000 00645nam a2200265Ia 4500
005 20260121170841.0
008 008 260114s9999 xx 000 0 eng d
020 _a9783319453996
037 _aEBOOK
040 _aCRL
040 _beng
040 _cCRL
041 _2eng
041 _aeng
084 _qCRL
100 _aPeter Hitchcock
_91068944
245 0 _aLabor in Culture, Or, Worker of the World(s)
260 _bSpringer
260 _bSpringer
260 _c2017
856 _uhttps://link.springer.com/openurl?genre=book&isbn=978-3-319-45399-6
942 _cEBOOK
999 _c1634674
_d1634674